<?xml version="1.0" encoding="UTF-8"?><?xml-stylesheet type="text/xsl" href="static/style.xsl"?><OAI-PMH xmlns="http://www.openarchives.org/OAI/2.0/" xmlns:xsi="http://www.w3.org/2001/XMLSchema-instance" xsi:schemaLocation="http://www.openarchives.org/OAI/2.0/ http://www.openarchives.org/OAI/2.0/OAI-PMH.xsd"><responseDate>2026-04-17T07:33:55Z</responseDate><request verb="GetRecord" identifier="oai:www.recercat.cat:2072/465762" metadataPrefix="marc">https://recercat.cat/oai/request</request><GetRecord><record><header><identifier>oai:recercat.cat:2072/465762</identifier><datestamp>2025-04-03T08:44:26Z</datestamp><setSpec>com_2072_98</setSpec><setSpec>col_2072_378192</setSpec></header><metadata><record xmlns="http://www.loc.gov/MARC21/slim" xmlns:dcterms="http://purl.org/dc/terms/" xmlns:xsi="http://www.w3.org/2001/XMLSchema-instance" xmlns:doc="http://www.lyncode.com/xoai" xsi:schemaLocation="http://www.loc.gov/MARC21/slim http://www.loc.gov/standards/marcxml/schema/MARC21slim.xsd">
   <leader>00925njm 22002777a 4500</leader>
   <datafield ind2=" " ind1=" " tag="042">
      <subfield code="a">dc</subfield>
   </datafield>
   <datafield ind2=" " ind1=" " tag="720">
      <subfield code="a">Carriscondo Esquivel, Francisco M.</subfield>
      <subfield code="e">author</subfield>
   </datafield>
   <datafield ind2=" " ind1=" " tag="720">
      <subfield code="a">Carpi, Elena</subfield>
      <subfield code="e">author</subfield>
   </datafield>
   <datafield ind2=" " ind1=" " tag="260">
      <subfield code="c">2022</subfield>
   </datafield>
   <datafield ind2=" " ind1=" " tag="520">
      <subfield code="a">El descubrimiento reciente del manuscrito del Diccionario de provincialismos de la isla de Cuba (1831), redactado colegiadamente por un grupo de lexicógrafos cubanos, supone adelantar en un lustro la fecha de aparición del primer vocabulario exento del español referido exclusivamente a una región americana, toda vez que el Diccionario provincial de voces cubanas (1836, con variasreediciones) de Esteban Pichardo y Tapia ha sido desbancado de lo más alto del podio por aquella obra. Una y otra incorporan el término provincialismo en su título. Es uno de los objetivos de nuestra propuesta conocer el contexto que justifica la inserción de dicha etiqueta. Por otro lado, en ambos casos nos encontramos ante repertorios repletos de unidades léxicas que se refieren a realidades específicas, original o típicamente americanas, ya que para ellas no existen equivalentes en el modelo normativo que por entonces constituye el español de la metrópoli. Trataremos de ejemplificar esta abundancia con el léxico referido a la gastronomía y demostrar cómo este tipo de unidades se inventarían como resultado dela aplicación del criterio diferencial, que es el dominante en la lexicografía regional de nuestra lengua.</subfield>
   </datafield>
   <datafield ind2=" " ind1=" " tag="520">
      <subfield code="a">The recent discovery of the manuscript of the Diccionario de provincialismos de la isla de Cuba(1831), written jointly by a group of Cuban lexicographers, brings forward by five years the date of appearance of the first exempt vocabulary of Spanish referring exclusively to an American region, since the Diccionario provincial de voces cubanas(1836, with several reeditions) by Esteban Pichardo y Tapia has been displacedfrom the top of the podium by that work. Both include the term provincialismin their titles. One of the objectives of our proposal is to know the context that justifies the use of this label. On the other hand, in both cases we find ourselves before repertoires full of lexical units that refer to specific realities, originallyor typically American, since theyhaveno equivalent in the normative model used at the time bythe Spanish of the metropolis. We will try to exemplify this abundance throughthe lexicon referring to gastronomy and demonstrate how this type of units wereinvented as a result ofthe application of the differential criterion, which is the dominant one our language's regional lexicography.</subfield>
   </datafield>
   <datafield tag="653" ind2=" " ind1=" ">
      <subfield code="a">Cuba</subfield>
   </datafield>
   <datafield tag="653" ind2=" " ind1=" ">
      <subfield code="a">Gastronomía</subfield>
   </datafield>
   <datafield tag="653" ind2=" " ind1=" ">
      <subfield code="a">Léxico</subfield>
   </datafield>
   <datafield tag="653" ind2=" " ind1=" ">
      <subfield code="a">Lexicografía</subfield>
   </datafield>
   <datafield tag="653" ind2=" " ind1=" ">
      <subfield code="a">Provincialismo</subfield>
   </datafield>
   <datafield tag="653" ind2=" " ind1=" ">
      <subfield code="a">Gastronomy</subfield>
   </datafield>
   <datafield tag="653" ind2=" " ind1=" ">
      <subfield code="a">Lexicon</subfield>
   </datafield>
   <datafield tag="653" ind2=" " ind1=" ">
      <subfield code="a">Lexicography</subfield>
   </datafield>
   <datafield tag="653" ind2=" " ind1=" ">
      <subfield code="a">Provincialism</subfield>
   </datafield>
   <datafield ind2="0" ind1="0" tag="245">
      <subfield code="a">El protagonismo de la Cuba decimonónica en la lexicografía regional del español</subfield>
   </datafield>
</record></metadata></record></GetRecord></OAI-PMH>